00878nam a22002657a 4500999001500000001000600015003000900021005001700030008004100047020001500088020001500103040003300118082001700151100002200168245005600190250001200246260004700258300004900305504005100354650002200405650003000427650002900457942001200486952011400498 c7449d744921056BD-DhUAP20210123105946.0210123s1981 paua b 001 0 eng d a0721643949 a4833700328 aDNLM/DLCcDLCdBD-DhUAPbEng00223a612 GUY 1 aGuyton, Arthur C.10aTextbook of medical physiology /cArthur C. Guyton. a6th ed. aPhiladelphia :bW.B. Saunders Co.,cc1981. axxxiv, 1074 pages :billustrations ;c26 cm. aIncludes bibliographical references and index. 0aHuman physiology. 0aPhysiology, Pathological.12aPhysiological Processes.002ddccBK 00102ddc4070aUAPCLbUAPCLcGeneral Stacksd2021-01-23o612 GUYp3010021056r2021-01-23t1w2021-01-23yBK